000 00422nam a2200157Ia 4500
008 210716s2010 xx 000 0 und d
020 _a9788122428087
041 _aeng
082 _a003.55 KHAR
100 _aKhanna, Rajiv.
245 _aInformation technology and c language.
250 _a1
260 _aNew Delhi
_bNew Age International Pvt Ltd
_c2010
300 _aXIV,297
650 _aInformation Theory(003.54)
999 _c192087
_d192087